[Event "HCL-B301"]
[Site "www.playchess.de"]
[Date "2001.04.12"]
[Round "21"]
[White "showgun"]
[Black "lonewolf"]
[WhiteElo "1534"]
[BlackElo "1653"]
[PlyCount "22"]
[Result "0-1"]

1.g3 e5 {Hello,and have a good game.}  2.Bg2 d5 
3.e4 dxe4 4.Bxe4 Nf6 5.Bg2 Nc6 6.Ne2 Bc5 7.O-O Be6 
8.c3 Qd3 9.Kh1 O-O 10.Re1 Ng4 11.Bf3 
Qxf3+ 0-1

[Event "ACL-A161"]
[Site "www.playchess.de"]
[Date "2001.04.12"]
[Round "12"]
[White "Zynaps"]
[Black "hercos"]
[WhiteElo "1822"]
[BlackElo "1901"]
[PlyCount "43"]
[Result "1-0"]

1.e4 c5 2.c3 d5 3.exd5 Qxd5 4.d4 Nf6 5.Nf3 Bg4 
6.Be2 e6 7.O-O Nc6 8.Be3 cxd4 9.cxd4 Bb4 {This 
game was already played ... How strong are you ?}  
10.Nc3 {I have a rating of approx 2050}  Qd6 {I am 
strong too, but I play 150 games at same time and 
because I have bloundered a lot.}  11.h3 Bh5 
12.Qb3 O-O 13.Rfd1 Nd5 14.Nxd5 Qxd5 15.Bc4 Qd6 
16.Be2 Rfd8 17.Rac1 Rac8 18.a3 Ba5 19.Qxb7 Bb6 
20.d5 exd5 21.Bxb6 axb6 22.Qxb6 1-0

[Event "HCL-A128"]
[Site "www.playchess.de"]
[Date "2001.04.12"]
[Round "2"]
[White "Gruhni"]
[Black "Nils"]
[WhiteElo "1300"]
[BlackElo "1753"]
[PlyCount "38"]
[Result "0-1"]

1.e4 {Hallo Nils! Gutes Spiel!}  e5 2.Nf3 Nc6 
3.Bc4 Nf6 4.d3 d5 5.exd5 Nxd5 6.Nc3 Bb4 7.Bd2 Bxc3 
8.Bxc3 Nxc3 9.bxc3 O-O 10.h3 Qf6 11.Qd2 Na5 12.Bb3 
Re8 13.O-O Nxb3 14.cxb3 Bxh3 15.Nxe5 Bxg2 16.Kxg2 
Rxe5 17.Rfh1 Rae8 18.Rhe1 Qg6+ 19.Kf1 
Qh5 0-1

[Event "HCL-B307"]
[Site "www.playchess.de"]
[Date "2001.04.12"]
[Round "9"]
[White "rafita"]
[Black "foxzy"]
[WhiteElo "1391"]
[BlackElo "1146"]
[PlyCount "41"]
[Result "1-0"]

1.d4 {hello and good luck!}  d5 {Hello!}  2.Nf3 {I 
live in Mexico City. Where in China do you live?}  
Nf6 {I lived in Beijing, the Capital of China. But 
recently, I'm in Princeton, NJ, U.S.A.}  3.c4 {are 
you a student there?}  c6 {No. I'm a visitor.}  
4.cxd5 cxd5 5.Bf4 Nc6 6.e3 a6 7.Bd3 e6 8.Nc3 Bb4 
9.O-O O-O 10.Rc1 b5 11.a3 Ba5 12.Nxb5 Nxd4 
13.Nbxd4 Qb6 14.b4 Bxb4 15.axb4 Qxb4 16.Nc6 Qb6 
17.Ne7+ Kh8 18.Nxc8 Raxc8 19.Qa4 a5 20.Ne5 Rfd8 
21.Nxf7+ 1-0

[Event "HCL-C303"]
[Site "www.playchess.de"]
[Date "2001.04.12"]
[Round "3"]
[White "JonnyGreenwood"]
[Black "McManus"]
[WhiteElo "1000"]
[BlackElo "1000"]
[PlyCount "75"]
[Result "1-0"]

1.e4 {I'm going to beat you =)}  f6 {bring it on}  
2.d4 b6 3.Nf3 Bb7 4.Nbd2 {your movements are 
constricted and your opening is cramped.  the game 
is clearly in my advantage.}  c5 5.c3 e5 6.dxe5 
{feel my wrath}  fxe5 7.Nxe5 d6 8.Qh5+ g6 9.Qf3 
Qf6 10.Ng4 Qh4 11.Bc4 Nh6 12.Nxh6 Bxh6 13.Qf7+ Kd8 
14.Nf3 Qxe4+ 15.Be2 Rf8 16.Qxh7 Bf4 17.Bxf4 Qxf4 
18.Qxb7 Nd7 19.Qxa8+ Ke7 20.Qb7 Rb8 21.Qc6 Ne5 
22.Qc7+ Nd7 23.Bb5 Qe4+ 24.Kd1 Rc8 25.Qxd7+ Kf8 
26.Qxc8+ Kf7 27.Re1 Qf5 28.Qc7+ Kf6 29.Qxd6+ Kg7 
30.Qc7+ Kh6 31.Qxa7 c4 32.Bxc4 b5 33.Nd4 Qxf2 
34.Nxb5 Qxb2 35.Qe3+ g5 36.Qh3+ Kg6 37.Re6+ Kf7 
38.Qh7+ 1-0

[Event "ACL-A162"]
[Site "www.playchess.de"]
[Date "2001.04.12"]
[Round "36"]
[White "DIG"]
[Black "Edik"]
[WhiteElo "1692"]
[BlackElo "1728"]
[PlyCount "36"]
[Result "1/2-1/2"]

1.e4 c6 {Ïðèâåò!!!}  2.d4 {Âçàèìíî!}  d5 {Î÷åíü 
ïðèÿòíî èãðàòü ñ Âàìè:)))}  3.Nc3 dxe4 4.Nxe4 Bf5 
5.Ng3 Bg6 6.Nf3 Nd7 7.Nh4 Ngf6 8.Nxg6 hxg6 9.Bc4 
e6 10.Bg5 Be7 11.O-O Qc7 12.h3 O-O-O 13.c3 Nd5 
14.Bxe7 Nxe7 15.Qf3 Nf5 16.Nxf5 gxf5 17.Rfe1 Nb6 
18.Bb3 Nd5 1/2-1/2

[Event "HCL-B126"]
[Site "www.playchess.de"]
[Date "2001.04.12"]
[Round "7"]
[White "plobi"]
[Black "Bauernopfer"]
[WhiteElo "1087"]
[BlackElo "1368"]
[PlyCount "35"]
[Result "1-0"]

1.e4 e5 2.Nf3 f6 3.d4 exd4 4.Nxd4 Bc5 5.Qh5+ g6 
6.Qxc5 b6 7.Qc3 c5 8.Nb5 Nc6 9.Bf4 Kf8 10.Qd2 Bb7 
11.Bh6+ Nxh6 12.Qxh6+ Ke7 13.Qg7+ Ke6 14.Bc4+ Ke5 
15.O-O Nd4 16.f4+ Kxe4 17.N1c3+ Ke3 
18.Nd1+ 1-0

[Event "HCL-C072"]
[Site "www.playchess.de"]
[Date "2001.04.13"]
[Round "11"]
[White "merlin51"]
[Black "urga"]
[WhiteElo "1000"]
[BlackElo "1000"]
[PlyCount "72"]
[Result "0-1"]

1.e3 e6 2.Qf3 Nc6 3.Be2 g6 4.e4 Bg7 5.Bc4 Nge7 
6.Na3 Nd4 7.Qc3 O-O 8.h4 d5 9.h5 b5 10.hxg6 Nxg6 
11.Qh3 h6 12.Nf3 Nxf3+ 13.gxf3 bxc4 14.d3 Qh4 
15.Qxh4 Nxh4 16.Rxh4 c3 17.Rb1 Rb8 18.Rg4 Kh7 
19.b3 c5 20.Bf4 Rb7 21.Ke2 Re7 22.Rbg1 Rg8 23.Be5 
f6 24.Bxf6 Rf7 25.Bxc3 d4 26.Bd2 e5 27.Bxh6 Bxg4 
28.Bxg7 Bxf3+ 29.Kd2 Rfxg7 30.Rh1+ Kg6 31.Rh3 Bg4 
32.Rg3 Kf6 33.f3 Bh5 34.Rh3 Kg5 35.f4+ Kg4 36.Rh2 
exf4 0-1

[Event "HCL-E016"]
[Site "www.playchess.de"]
[Date "2001.04.13"]
[Round "30"]
[White "Dimentiy"]
[Black "ARMAGEDON_8"]
[WhiteElo "2000"]
[BlackElo "2263"]
[PlyCount "50"]
[Result "0-1"]

1.e4 d6 2.d4 Nf6 3.Nc3 g6 4.Be3 Bg7 5.Qd2 c6 6.f3 
b5 7.Bh6 Bxh6 8.Qxh6 Qa5 9.Qd2 b4 10.Nd1 Nbd7 
11.Bd3 e5 12.dxe5 Nxe5 13.Be2 O-O 14.Qxd6 Be6 
15.f4 Neg4 16.Qxc6 Rac8 17.Qb5 Qxb5 18.Bxb5 Nxe4 
19.Bd3 Nc5 20.Nf3 Nxd3+ 21.cxd3 Rfd8 22.h3 Nf6 
23.O-O Rxd3 24.Nf2 Rd7 25.b3 Nh5 0-1

[Event "ACL-A052"]
[Site "www.playchess.de"]
[Date "2001.04.13"]
[Round "3"]
[White "hun"]
[Black "dmitry"]
[WhiteElo "1605"]
[BlackElo "1500"]
[PlyCount "57"]
[Result "1-0"]

1.e4 e5 2.Nf3 Nc6 3.Bb5 a6 4.Bxc6 dxc6 5.O-O Bd6 
6.Nc3 Bg4 7.d3 h6 8.h3 Bxf3 9.Qxf3 Qe7 10.Qg4 Nf6 
11.Qxg7 O-O-O 12.Qg3 Rdg8 13.Qh4 Rg6 14.g3 Qf8 
15.Bd2 Rhg8 16.Rad1 Nd7 17.Kh2 f5 18.exf5 Qxf5 
19.Ne4 Nc5 20.Nxd6+ cxd6 21.Ba5 Nd7 22.Rde1 e4 
23.Bc3 exd3 24.cxd3 Qxd3 25.Qf4 Qd5 26.Re7 Re6 
27.Rd1 Qxd1 28.Rxe6 Kc7 29.Re1 1-0

[Event "HCL-A066"]
[Site "www.playchess.de"]
[Date "2001.04.13"]
[Round "17"]
[White "pawformation"]
[Black "ABBOTS"]
[WhiteElo "1700"]
[BlackElo "1811"]
[PlyCount "87"]
[Result "1-0"]

1.e4 c6 2.d3 d5 3.Nd2 e5 4.Ngf3 Bd6 5.g3 Nf6 6.Bg2 
O-O 7.O-O Re8 8.h3 Nbd7 9.Nh4 Nb6 10.Re1 d4 11.Nf1 
Be6 12.Bg5 h6 13.Bxf6 Qxf6 14.c3 c5 15.a4 g5 
16.Nf5 Nc8 17.g4 Bxf5 18.exf5 Rb8 19.Ng3 Be7 
20.Nh5 Qd6 21.Qb3 Nb6 22.a5 Nd7 23.Bd5 Ref8 24.Re2 
Nf6 25.Nxf6+ Bxf6 26.Rc1 Kg7 27.cxd4 exd4 28.Bxb7 
a6 29.Qd5 Qxd5 30.Bxd5 Rb5 31.Ra1 Bd8 32.b3 Rxa5 
33.Rxa5 Bxa5 34.Rxa6 Rb8 35.Kg2 Kf6 36.f4 Kg7 
37.h4 gxh4 38.Kh3 Bc7 39.Ra7 Bxf4 40.Rxf7+ Kh8 
41.Kxh4 Rc8 42.f6 Rg8 43.Be4 Rg5 
44.Bf5 1-0

[Event "HCL-B149"]
[Site "www.playchess.de"]
[Date "2001.04.13"]
[Round "15"]
[White "pdqbach"]
[Black "Riza"]
[WhiteElo "1152"]
[BlackElo "1321"]
[PlyCount "35"]
[Result "1-0"]

1.e4 c6 2.d4 d5 3.e5 Bf5 4.Nf3 e6 5.Be2 Nd7 6.O-O 
Qc7 7.Be3 c5 8.c3 O-O-O 9.Nbd2 Be7 10.Qa4 a6 
11.Rfc1 Nb6 12.Qa5 c4 13.b3 Na8 14.Qxc7+ Nxc7 
15.bxc4 dxc4 16.Bxc4 g5 17.h3 g4 
18.hxg4 1-0

[Event "HCL-A071"]
[Site "www.playchess.de"]
[Date "2001.04.13"]
[Round "8"]
[White "stud"]
[Black "Stema"]
[WhiteElo "1180"]
[BlackElo "1686"]
[PlyCount "38"]
[Result "0-1"]

1.e4 e5 2.Nf3 Nc6 3.Bc4 Nf6 4.d3 Bc5 5.Be3 Bxe3 
6.fxe3 O-O 7.O-O Ng4 8.Qe2 Na5 9.Nbd2 Nxc4 10.Nxc4 
d6 11.h3 Nf6 12.Rf2 b5 13.Ncd2 Bb7 14.Raf1 b4 
15.Nh2 Qd7 16.b3 a5 17.R2xf6 gxf6 18.Ng4 Qe6 
19.Rxf6 Qe7 0-1

[Event "HCL-A071"]
[Site "www.playchess.de"]
[Date "2001.04.13"]
[Round "34"]
[White "Spiridonas"]
[Black "Kaiko"]
[WhiteElo "1592"]
[BlackElo "1700"]
[PlyCount "52"]
[Result "0-1"]

1.Nf3 d5 2.b3 Nf6 3.Bb2 Bg4 4.e3 Nbd7 5.c4 e6 
6.Nc3 c6 7.Be2 Bxf3 8.Bxf3 dxc4 9.bxc4 Ne5 10.Be2 
Nd3+ 11.Bxd3 Qxd3 12.Qe2 O-O-O 13.Qxd3 Rxd3 14.Ke2 
Rd7 15.d4 Bb4 16.f3 Rhd8 17.Rhd1 h5 18.a3 Bd6 
19.h4 Bg3 20.Rdh1 c5 21.Na4 cxd4 22.exd4 Rc7 
23.Rac1 Bf4 24.Rc2 Nd5 25.Nc5 Ne3 26.Rcc1 
Nf5 0-1

[Event "HCL-A072"]
[Site "www.playchess.de"]
[Date "2001.04.13"]
[Round "13"]
[White "satura"]
[Black "teenspirit"]
[WhiteElo "1838"]
[BlackElo "1762"]
[PlyCount "61"]
[Result "1-0"]

1.c4 {Hi! I wish you a nice game.}  b6 {Hi Satura! 
Hope a hard fought game. Good luck!}  2.Nc3 Bb7 
3.Nf3 f5 4.g3 Nf6 5.Bg2 e6 6.O-O Be7 7.d4 O-O 
8.Re1 Ne4 9.Qc2 Nxc3 10.Qxc3 Bf6 11.b4 d6 12.Bb2 
Nd7 13.Qd2 c5 14.dxc5 dxc5 15.Rad1 Rf7 16.Bxf6 
Qxf6 17.Ng5 Bxg2 18.Nxf7 Qxf7 19.Qxd7 Be4 20.Qxf7+ 
Kxf7 21.bxc5 bxc5 22.f3 Bc6 23.Rd6 Rc8 24.Kf2 Ke7 
25.Rd3 a5 26.Rb1 Rc7 27.Rb6 a4 28.Ke3 e5 29.Rb8 
Ke6 30.Rdd8 h6 31.Rbc8 1-0

[Event "HCL-M006"]
[Site "www.playchess.de"]
[Date "2001.04.13"]
[Round "3"]
[White "rayschutt"]
[Black "ARMAGEDON_8"]
[WhiteElo "2635"]
[BlackElo "2264"]
[PlyCount "41"]
[Result "1-0"]

1.d4 Nf6 2.c4 g6 3.Nc3 d5 4.Bf4 Bg7 5.e3 c5 6.dxc5 
Qa5 7.Qa4+ Qxa4 8.Nxa4 Ne4 9.cxd5 Bd7 10.Bd3 Nxf2 
11.Kxf2 Bxa4 12.Rc1 Bxb2 13.Rb1 Bc3 14.Ne2 Bf6 
15.Rb4 e5 16.Bh6 Bd7 17.Rxb7 Bc8 18.c6 Nxc6 
19.dxc6 Bxb7 20.cxb7 Rb8 21.Be4 1-0

[Event "HCL-E027"]
[Site "www.playchess.de"]
[Date "2001.04.13"]
[Round "10"]
[White "juppsie"]
[Black "gramps"]
[WhiteElo "2000"]
[BlackElo "2000"]
[PlyCount "36"]
[Result "0-1"]

1.e4 {hi gl}  Nf6 {Hi!}  2.e5 Nd5 3.c4 Nb6 4.d4 
Nc6 5.d5 Nxe5 6.c5 Nbc4 7.Qd4 b5 8.b6 c5 9.Qc3 
axb6 10.Bxc4 Nxc4 11.Qxc4 Ba6 12.Qe4 d6 13.Nc3 Qd7 
14.Nge2 b5 15.a3 Bb7 16.b4 Rc8 17.Rb1 Ba6 18.O-O 
cxb4 0-1

[Event "HCL-E024"]
[Site "www.playchess.de"]
[Date "2001.04.13"]
[Round "14"]
[White "NOHAU"]
[Black "lubos"]
[WhiteElo "2270"]
[BlackElo "1967"]
[PlyCount "67"]
[Result "1-0"]

1.e4 e5 2.Nf3 Nc6 3.Bc4 Bc5 4.Nc3 Nf6 5.d3 d6 
6.Na4 Bb6 7.c3 Bg4 8.Nxb6 axb6 9.O-O Qd7 10.Bb5 
O-O 11.Bg5 Qe6 12.Bc4 d5 13.exd5 Nxd5 14.Re1 f6 
15.Bh4 Rad8 16.h3 Bh5 17.d4 Na5 18.Bf1 e4 19.Qc1 
Rfe8 20.Nd2 Bg6 21.c4 e3 22.Nf3 Nb4 23.Rxe3 Qd7 
24.Rxe8+ Rxe8 25.Qc3 Qa4 26.b3 Qa3 27.Bg3 Re7 
28.Nh4 Nac6 29.Nxg6 hxg6 30.d5 Ne5 31.Qd2 Na6 
32.Re1 Nf7 33.Re6 Ng5 34.Bd6 1-0

[Event "HCL-C190"]
[Site "www.playchess.de"]
[Date "2001.04.13"]
[Round "10"]
[White "Yarwood"]
[Black "Pietros"]
[WhiteElo "1000"]
[BlackElo "1295"]
[PlyCount "38"]
[Result "0-1"]

1.e4 e5 2.d4 exd4 3.Qxd4 Nc6 4.Qd5 Nf6 5.Qb3 Nxe4 
6.Bc4 Nd6 7.Qe3+ Qe7 8.Qxe7+ Bxe7 9.b3 Nd4 10.Bd3 
Bf6 11.Be3 Nxc2+ 12.Bxc2 Bxa1 13.Nf3 O-O 14.O-O b6 
15.Ng5 Ba6 16.Bxh7+ Kh8 17.Nd2 Bxf1 18.Nde4 Bb5 
19.Ng3 f6 0-1

[Event "HCL-C191"]
[Site "www.playchess.de"]
[Date "2001.04.13"]
[Round "10"]
[White "Purple_Eagle00"]
[Black "kldr"]
[WhiteElo "900"]
[BlackElo "1646"]
[PlyCount "62"]
[Result "0-1"]

1.e4 e5 {Hi, Eagle. I hope for an interesting 
game. Good luck. Klaus}  2.Nf3 {good luck to you 
to.}  Nc6 {Where in the USA do you live?}  3.Bc4 
{Missouri}  Nf6 {...and what is your first name?}  
4.d3 {David, u?}  h6 {My name is Klaus. I live in 
Essen/ Germany.}  5.O-O Bc5 6.h3 d6 {Have a nice 
weekend, David.}  7.Nc3 {Yes, did you?}  O-O {It 
is one more day because of carnival.}  8.Re1 
{youre a little harder than the rest.}  Na5 {What 
do you mean?}  9.Nd2 {youre the only player that 
is making me think.}  c6 {You think you will win 
against the others?}  10.Nb3 {yes.}  Nxc4 {That 
means that I´ll also beat them.}  11.Nxc5 Nxb2 
12.Bxb2 {???}  dxc5 13.Na4 Qd6 14.f4 Nd7 15.fxe5 
Nxe5 16.Qh5 f6 17.Bxe5 fxe5 18.Ref1 {good game so 
far.}  Qd4+ {Quite exciting. But still too early 
for a draw.}  19.Kh1 Be6 20.c4 b5 21.Nxc5 Qxc5 
22.Qg6 Bf7 23.Qg4 bxc4 24.dxc4 Bxc4 {How are you, 
David?}  25.Rfc1 Rf4 26.Qe6+ {fine, and you?}  
Bxe6 {Thank you, fine. What about your games?}  
27.Rxc5 {what about them?}  Rxe4 {I mean: Are you 
successful?}  28.Rxc6 {i was beating hobbit but i 
made a move to fast and  i dropped a piece}  Bd5 
{Martinio is a problem for me.}  29.Rc7 {Do you 
think he will win?}  Re2 {Maybe we both accept a 
draw.}  30.Rg1 Rxa2 31.Rc5 Rd8 0-1

[Event "ACL-A103"]
[Site "www.playchess.de"]
[Date "2001.04.13"]
[Round "1"]
[White "Dr_Marinko"]
[Black "xx"]
[WhiteElo "1500"]
[BlackElo "1500"]
[PlyCount "31"]
[Result "1-0"]

1.e4 {hi...good luck!}  c5 {Many greetings to 
Bosnia !}  2.Nf3 {Thanks.Many greetings to 
beautiful Austria as well!}  d6 3.c4 g6 4.Nc3 Bg7 
5.d3 Nc6 6.Be2 e6 7.Bf4 Nge7 8.Rb1 O-O 9.Qd2 Nd4 
10.O-O Nec6 11.Bh6 Bd7 12.Bxg7 Kxg7 13.Nxd4 Nxd4 
14.f4 a6 15.Bg4 b5 16.cxb5 1-0

[Event "HCL-B194"]
[Site "www.playchess.de"]
[Date "2001.04.13"]
[Round "10"]
[White "hspua"]
[Black "Askolama"]
[WhiteElo "1200"]
[BlackElo "1200"]
[PlyCount "31"]
[Result "1-0"]

1.d4 d5 2.c4 c6 3.e3 {Good Luck}  Nf6 {Thanks, so 
I need luck to beat you, eh? ;-) Good game you 
too.}  4.Nc3 Bf5 5.Bd3 Bg6 6.cxd5 Nxd5 7.e4 Nxc3 
8.bxc3 e6 9.f4 f6 10.Qb3 Qc8 11.Nf3 Bf7 12.e5 f5 
13.Ng5 Be7 14.Nxf7 Kxf7 15.Bxf5 g6 
16.Bg4 1-0

[Event "HCL-B200"]
[Site "www.playchess.de"]
[Date "2001.04.13"]
[Round "10"]
[White "ademarmr"]
[Black "yar75028"]
[WhiteElo "1500"]
[BlackElo "1968"]
[PlyCount "108"]
[Result "0-1"]

1.Nf3 {Hello! Good Luck}  g6 {I hope this is a 
proper reply to u'r opening. i think it is.}  2.e4 
{i think too!}  c5 3.e5 Nc6 4.c3 d6 5.exd6 Qxd6 
6.Bb5 Nf6 7.O-O Bd7 {i don't know about u but i 
study these games so long i get lost. later.}  
8.d4 {I think the position is complicated and is 
equal.}  a6 9.Bc4 b5 10.Bb3 c4 11.Bc2 Bg7 12.Re1 
O-O 13.Bg5 h6 14.Bh4 Nh5 15.Nbd2 Nf4 16.Bg3 e6 
{sorry, i lost track of the games..}  17.Ne4 
{Wellcome back!}  Qc7 18.Nc5 Rfd8 19.Qd2 g5 {i'm 
getting in deeper and deeper.}  20.h4 Bf6 {i need 
to do some digging out  somehow.}  21.Ne4 Be7 
22.hxg5 hxg5 23.Nexg5 Bd6 24.Re4 Ng6 {maybe i can 
get out of this bind with the loss of a pawn.}  
25.Bh4 Nce7 26.Rae1 Rdf8 27.Ne5 f5 {u seem to be 
smelling blood.}  28.Nxg6 Nxg6 29.Nxe6 Bxe6 30.Qg5 
{Yes, but from who is this blood, I don't know!}  
Bf7 31.R4e6 Bf4 {just shoot me.}  32.Rxg6+ Bxg6 
33.Qxg6+ Qg7 {how's it going? i almost won my 
other tourny but i think i'm gonna be in a 3 way 
tie for second.}  34.Qe6+ Kh8 {i expected u would 
exchange queens.}  35.g3 Bd2 {i'm trying to but 
time now.}  36.Re5 {you coluld can do it!}  Bg5 
{i've made myself laye for work studying this 
game. later.}  37.Bxg5 Qxg5 {i thought my last 
move was a little better than what it was.}  
38.Bxf5 Rae8 {seems as though everyone else has 
quit moving. r the other players still moving in 
u'r games?}  39.Qd7 {no Shirov doesn't move!}  Qh5 
{it looks pretty bleak for me.}  40.Bg4 Qg6 {i can 
see no way to win or draw. this maybe my last r 
close to last move.}  41.Rh5+ {Let's see!}  Kg8 
{only one move to make.}  42.Qd5+ Qf7 43.Rg5+ Kh8 
44.Qh1+ Qh7 45.Rh5 Re1+ {i see jared isback. 
later.}  46.Kg2 Rxh1 {i was hoping for a stalemate 
but now i think i may have a slight advantage. 
what do u think?}  47.Rxh1 {yes, now you are in 
advantage!I didn't see your Re1+!}  Qxh1+ {i 
thought u must have missed the rook. i couldn't 
see anyway that was a good move.}  48.Kxh1 {Now, 
it's very bad for me!}  Rxf2 49.Bc8 a5 50.Ba6 Rxb2 
51.d5 b4 52.d6 bxc3 {i will be on vacation friday 
until late monday.}  53.d7 Rd2 54.Bxc4 c2 {one 
more move before we head out the door. i may be 
able to move on vacation. it may not be nesseary} 
 0-1

[Event "HCL-C202"]
[Site "www.playchess.de"]
[Date "2001.04.13"]
[Round "6"]
[White "papino"]
[Black "Controler"]
[WhiteElo "1000"]
[BlackElo "1078"]
[PlyCount "59"]
[Result "1-0"]

1.e4 {Hello! Best wishes for the game.}  d5 {Hi! 
Good Luck!}  2.exd5 Qxd5 3.Nc3 Qd8 4.Nf3 Bg4 5.Be2 
Nc6 6.O-O Nf6 7.d4 e6 8.Be3 Bb4 9.Na4 O-O 10.c3 
Bd6 11.Qc2 b5 12.Nc5 Bxc5 13.dxc5 Bf5 14.Qb3 a6 
15.Rfd1 Qe7 16.Nd4 Na7 17.Nxf5 exf5 18.h3 Rad8 
19.Bf3 Ne4 20.Qc2 h6 21.Rxd8 Rxd8 22.Rd1 Nc6 
23.Rxd8+ Qxd8 24.Bxe4 fxe4 25.Qxe4 Ne7 26.Qb7 Nf5 
27.Bf4 Qe7 28.Qc8+ Kh7 29.Qxf5+ g6 
30.Qe5 1-0

[Event "CCL-E013"]
[Site "www.playchess.de"]
[Date "2001.04.13"]
[Round "5"]
[White "joepechie"]
[Black "Chessy"]
[WhiteElo "2001"]
[BlackElo "2000"]
[PlyCount "101"]
[Result "1/2-1/2"]

1.e4 {Hello. Good luck. What program are you 
using. I'm using Chessmaster8000}  c5 {Hello! Good 
Luck, too!I hope for an interesting game. I am 
using Shredder 5.}  2.c3 Nf6 3.e5 Nd5 4.d4 cxd4 
5.cxd4 d6 6.Nf3 Nc6 7.Nc3 dxe5 8.dxe5 Nxc3 9.Qxd8+ 
Nxd8 10.bxc3 Bd7 11.Be2 Rc8 12.Bd2 Rc5 13.a4 Nc6 
14.Rb1 b6 15.Rb5 e6 16.O-O Na5 17.Rxc5 Bxc5 18.Bb5 
f6 19.Bf4 Ke7 20.Rd1 Bc6 21.h4 Rc8 22.h5 Bd5 
23.Bg3 Nc6 24.h6 Bxf3 25.gxf3 gxh6 26.exf6+ Kxf6 
27.Rd7 Ne5 28.Rxa7 Nxf3+ 29.Kg2 Ng5 30.Bh4 Kf5 
31.Rd7 e5 32.Bg3 Kf6 33.Rd5 e4 34.Be2 Ra8 35.Bb5 
h5 36.Bc6 Rc8 37.Bb7 Rg8 38.Kf1 Nf3 39.Rxh5 Rg7 
40.Bc6 Ng5 41.Bh4 Kf5 42.Bxg5 Rxg5 43.Bxe4+ Kf4 
44.Rxg5 Kxg5 45.Bxh7 Kf4 46.Ke2 Bf8 47.Bg8 Bg7 
48.c4 Bd4 49.Bd5 Ke5 50.Kf3 Bc5 
51.Bc6 1/2-1/2

[Event "HCL-B203"]
[Site "www.playchess.de"]
[Date "2001.04.13"]
[Round "4"]
[White "bjw29"]
[Black "Pocman"]
[WhiteElo "1500"]
[BlackElo "1429"]
[PlyCount "42"]
[Result "0-1"]

1.e4 c5 2.Nf3 d6 3.d4 cxd4 4.Nxd4 Nf6 5.Nc3 a6 
6.Be2 e6 7.Bf3 Be7 8.Be3 O-O 9.O-O Qc7 10.a4 Nc6 
11.a5 Nxa5 12.b4 Nc4 13.Bg5 h6 14.Bh4 Nxe4 15.Bxe7 
Nxc3 16.Qd3 Ne5 17.Qe3 Nxf3+ 18.Nxf3 Nd5 19.Qd4 
Nxe7 20.c4 b6 21.Rfe1 Bb7 0-1

[Event "HCL-C206"]
[Site "www.playchess.de"]
[Date "2001.04.13"]
[Round "9"]
[White "kldr"]
[Black "kiljoy"]
[WhiteElo "1665"]
[BlackElo "1000"]
[PlyCount "27"]
[Result "1-0"]

1.d4 {Hi, kiljoy. Hope for an interesting game. 
Klaus}  Nc6 {yes, indeed. all the best.}  2.Nf3 
{What is your first name? Kiljoy is just your 
username I suppose.}  Nf6 {you're right. chandra 
is the first name. and yours?}  3.c4 {My name is 
Klaus. Where in India do you live?}  d6 {hi klaus, 
i live in mumbai. ever been to india?}  4.Nc3 {No, 
never. I don´t even know where Mumbai is.}  e5 
{where in germany do you live?}  5.d5 {In Essen, 
big town in the West, on the river Ruhr.}  Nb4 
{unfortunately no river run through mumbai. only 
one huge stinky open sewer.}  6.Qa4+ {But you do 
not get your drinking water from that sewer!?}  
Nc6 {i wouldnt be playing a nice game of chess 
with you if i drank that.}  7.dxc6 {Now that there 
is a little advantage for me I like our game even 
better.Have a nice day, Chandra.}  b6 {i made a 
blunder, i cant understand.}  8.e4 {We are all 
human beings.}  Bg4 {well}  9.Be2 {Have a nice 
day, Chandra.}  Be7 10.O-O O-O {have a nice day}  
11.b4 a5 {have a nice day}  12.b5 {Back again. Hi, 
Chandra.}  h6 13.Rd1 Qc8 14.Bb2 1-0

[Event "HCL-B202"]
[Site "www.playchess.de"]
[Date "2001.04.13"]
[Round "11"]
[White "Translightor"]
[Black "class58"]
[WhiteElo "1472"]
[BlackElo "1805"]
[PlyCount "146"]
[Result "0-1"]

1.e4 {Hello & Good Luck!}  e5 {thanks and gl to 
you}  2.Nf3 Nc6 3.Bb5 Nd4 4.Nxd4 exd4 5.O-O c6 
6.Bc4 b5 7.Bb3 Bc5 8.Bxf7+ Kxf7 9.Qh5+ g6 10.Qxc5 
Nf6 11.Qxd4 Re8 12.d3 d5 13.e5 Nd7 14.Qf4+ Kg8 
15.d4 c5 16.c3 a5 17.Qh6 b4 18.Bg5 Qb6 19.Be3 bxc3 
20.bxc3 Qb2 21.Nd2 Qxc3 22.Nf3 Ba6 23.Rfc1 Qb2 
24.h4 Bd3 25.Qg5 Be4 26.h5 Bxf3 27.gxf3 cxd4 
28.Rab1 Qe2 29.Rce1 Qc4 30.Bd2 Ra6 31.e6 Nf8 32.e7 
Ne6 33.Qf6 Ng7 34.Qg5 gxh5 35.Kh2 Rg6 36.Qf4 d3 
37.Qxc4 dxc4 38.Bxa5 Ra6 39.Rb5 Kf7 40.Re4 Rxe7 
41.Rxc4 Rd7 42.Rc1 Rda7 43.Rcc5 Rd7 44.Rcd5 Rxd5 
45.Rxd5 Ke6 46.Rxd3 Rxa5 {i have not understand}  
47.a3 Nf5 48.Kh3 Ke5 49.Rb3 Ra4 50.Rc3 Kd4 51.Rb3 
Kc4 52.Rb7 h6 53.Rf7 Ra5 54.Rf6 Kb3 55.f4 Kxa3 
56.Kg2 h4 57.Kh3 h5 58.Rg6 Ra4 59.Rg5 Rxf4 60.Rg8 
Rxf2 61.Ra8+ Kb4 62.Rb8+ Kc4 63.Rb4+ Kd5 64.Rb5+ 
Ke4 65.Re5+ Kf4 66.Re4+ Kg5 67.Re3 Rh2+ 68.Kxh2 
Nxe3 69.Kh3 Nd1 70.Kg2 Kg4 71.Kh2 h3 72.Kg1 Kg3 
73.Kh1 {Thanks for this monumental game and 
congratulations. I'll resign in the next move.}  
h4 0-1

[Event "ACL-A111"]
[Site "www.playchess.de"]
[Date "2001.04.13"]
[Round "9"]
[White "chessnut"]
[Black "Vitalee"]
[WhiteElo "1767"]
[BlackElo "1502"]
[PlyCount "37"]
[Result "1-0"]

1.c4 Nf6 {Hi and good luck!}  2.g3 g6 3.Bg2 Bg7 
4.Nc3 O-O 5.e4 d6 6.Nge2 e5 7.O-O Nc6 8.d3 a5 9.f4 
exf4 10.Bxf4 Be6 11.Nd5 Nh5 12.Be3 Ne5 13.Qd2 Ng4 
14.Bg5 f6 15.Be3 Nxe3 16.Nxe3 Bh6 17.Nd4 Bd7 
18.Rae1 c6 19.Qc3 1-0

[Event "HCL-E033"]
[Site "www.playchess.de"]
[Date "2001.04.13"]
[Round "18"]
[White "nepper"]
[Black "mvs"]
[WhiteElo "1619"]
[BlackElo "2000"]
[PlyCount "21"]
[Result "1-0"]

1.e4 {hi there}  Nf6 2.Nc3 d5 3.e5 d4 4.exf6 {good 
luck}  dxc3 5.fxg7 cxd2+ 6.Bxd2 Bxg7 7.Qf3 Bxb2 
8.Rd1 Qd4 9.Ne2 Qc5 10.Qb3 Bg7 
11.Be3 1-0

[Event "ACL-A094"]
[Site "www.playchess.de"]
[Date "2001.04.13"]
[Round "6"]
[White "lottalove"]
[Black "Zsozso"]
[WhiteElo "1500"]
[BlackElo "1641"]
[PlyCount "52"]
[Result "0-1"]

1.e4 c5 {hello}  2.Nf3 Nc6 3.c3 d5 4.e5 Bg4 5.Bb5 
Qb6 6.Bxc6+ Qxc6 7.d4 Bxf3 8.Qxf3 cxd4 9.O-O dxc3 
10.Nxc3 e6 11.Ne2 Ne7 12.Be3 Qd7 13.Nf4 Ng6 
14.Nxg6 hxg6 15.Qe2 Be7 16.f4 O-O 17.Rf3 Rfc8 
18.h4 Qa4 19.b3 Qe4 20.Rh3 d4 21.h5 Rc2 22.Qg4 
gxh5 23.Rxh5 Qxe3+ 24.Kh1 Rac8 25.Rh3 R2c1+ 
26.Rxc1 Rxc1+ 0-1